[Event "DVM U14 2022"]
[Site "Kelheim GER"]
[Date "2022.12.27"]
[Round "1"]
[White "Laux, Filip"]
[Black "Goldkuhle, Collin"]
[Result "0-1"]
[Termination "normal"]
[Board "3.3"]
[WhiteElo "1451"]
[BlackElo "1464"]
[WhiteClock "00:38:44"]
[BlackClock "01:04:05"]
[WhiteTeam "VSG 1880 Offenbach"]
[BlackTeam "Schachfreunde Essen-Katernberg 04/32 e. V."]
[PlyCount "49"]
[WhiteFideId "16275730"]
[BlackFideId "16271106"]
[EventCountry "GER"]
[EventRounds "7"]
[EventType "team-swiss"]
[EventDate "2022.12.26"]

1. e4 {[%clk 01:30:51]} {[%emt 00:00:07]} c5 {[%clk 01:30:55]} {[%emt
00:00:07]} 2. Nf3 {[%clk 01:30:52]} {[%emt 00:00:28]} Nc6 {[%clk 01:31:22]}
{[%emt 00:00:05]} 3. g3 {[%clk 01:31:00]} {[%emt 00:00:20]} g6 {[%clk
01:31:46]} {[%emt 00:00:07]} 4. Bg2 {[%clk 01:30:53]} {[%emt 00:00:35]} Bg7
{[%clk 01:32:12]} {[%emt 00:00:06]} 5. O-O {[%clk 01:30:15]} {[%emt 00:01:06]}
d6 {[%clk 01:32:34]} {[%emt 00:00:10]} 6. c3 {[%clk 01:28:58]} {[%emt
00:01:46]} e5 {[%clk 01:32:18]} {[%emt 00:00:47]} 7. d3 {[%clk 01:26:44]}
{[%emt 00:02:43]} Nge7 {[%clk 01:32:36]} {[%emt 00:00:14]} 8. Nbd2 {[%clk
01:24:05]} {[%emt 00:03:06]} O-O {[%clk 01:32:25]} {[%emt 00:00:43]} 9. Re1
{[%clk 01:16:49]} {[%emt 00:07:45]} Rb8 {[%clk 01:31:27]} {[%emt 00:01:28]} 10.
a4 {[%clk 01:11:24]} {[%emt 00:05:55]} f5 {[%clk 01:30:20]} {[%emt 00:01:38]}
11. Qb3 {[%clk 01:06:17]} {[%emt 00:05:36]} Kh8 {[%clk 01:30:42]} {[%emt
00:00:08]} 12. Ng5 {[%clk 01:04:42]} {[%emt 00:02:04]} Qe8 {[%clk 01:30:18]}
{[%emt 00:00:56]} 13. Nc4 {[%clk 00:55:32]} {[%emt 00:09:39]} Rf6 {[%clk
01:27:25]} {[%emt 00:03:24]} 14. Nxd6 {[%clk 00:53:46]} {[%emt 00:02:16]} Rxd6
{[%clk 01:26:53]} {[%emt 00:01:02]} 15. Nf7 {[%clk 00:54:06]} {[%emt 00:00:10]}
Qxf7 {[%clk 01:27:02]} {[%emt 00:00:21]} 16. Qxf7 {[%clk 00:53:28]} {[%emt
00:01:08]} Be6 {[%clk 01:27:28]} {[%emt 00:00:04]} 17. Qxe6 {[%clk 00:48:50]}
{[%emt 00:05:06]} Rxe6 {[%clk 01:27:35]} {[%emt 00:00:25]} 18. Be3 {[%clk
00:46:02]} {[%emt 00:03:18]} b6 {[%clk 01:27:01]} {[%emt 00:01:04]} 19. f4
{[%clk 00:43:33]} {[%emt 00:02:59]} Rd8 {[%clk 01:24:17]} {[%emt 00:03:14]} 20.
Rad1 {[%clk 00:42:47]} {[%emt 00:01:16]} Red6 {[%clk 01:10:36]} {[%emt
00:14:11]} 21. fxe5 {[%clk 00:41:31]} {[%emt 00:01:45]} Nxe5 {[%clk 01:08:07]}
{[%emt 00:02:59]} 22. Bg5 {[%clk 00:41:17]} {[%emt 00:00:44]} R8d7 {[%clk
01:06:37]} {[%emt 00:01:58]} 23. Bxe7 {[%clk 00:38:22]} {[%emt 00:03:26]} Rxe7
{[%clk 01:06:53]} {[%emt 00:00:15]} 24. Re3 {[%clk 00:38:44]} {[%emt 00:00:08]}
Nc4 {[%clk 01:04:05]} {[%emt 00:03:17]} 25. Ree1 {[%emt 00:02:18]} 0-1

[Event "DVM U14 2022"]
[Site "Kelheim GER"]
[Date "2022.12.27"]
[Round "1"]
[White "Klaus, Daniel"]
[Black "Staat, Christian"]
[Result "1-0"]
[Termination "normal"]
[Board "3.4"]
[WhiteElo "1193"]
[BlackElo "1260"]
[WhiteClock "00:31:12"]
[BlackClock "00:28:50"]
[WhiteTeam "Schachfreunde Essen-Katernberg 04/32 e. V."]
[BlackTeam "VSG 1880 Offenbach"]
[PlyCount "35"]
[WhiteFideId "16286286"]
[BlackFideId "34608141"]
[EventCountry "GER"]
[EventRounds "7"]
[EventType "team-swiss"]
[EventDate "2022.12.26"]

1. e4 {[%clk 01:30:53]} {[%emt 00:00:06]} e5 {[%clk 01:30:57]} {[%emt
00:00:04]} 2. d4 {[%clk 01:31:14]} {[%emt 00:00:09]} exd4 {[%clk 01:30:37]}
{[%emt 00:00:51]} 3. Nf3 {[%clk 01:31:34]} {[%emt 00:00:09]} Bc5 {[%clk
01:25:48]} {[%emt 00:05:20]} 4. Bc4 {[%clk 01:31:23]} {[%emt 00:00:40]} Nc6
{[%clk 01:22:43]} {[%emt 00:03:35]} 5. c3 {[%clk 01:30:25]} {[%emt 00:01:28]}
d6 {[%clk 01:11:48]} {[%emt 00:11:25]} 6. cxd4 {[%clk 01:23:59]} {[%emt
00:06:55]} Bb6 {[%clk 01:08:06]} {[%emt 00:04:13]} 7. h3 {[%clk 01:10:59]}
{[%emt 00:13:30]} h6 {[%clk 01:06:55]} {[%emt 00:01:40]} 8. Nc3 {[%clk
01:09:35]} {[%emt 00:01:55]} Nf6 {[%clk 01:01:06]} {[%emt 00:06:20]} 9. O-O
{[%clk 01:07:34]} {[%emt 00:02:31]} O-O {[%clk 00:45:38]} {[%emt 00:15:58]} 10.
Re1 {[%clk 01:00:45]} {[%emt 00:07:18]} Re8 {[%clk 00:40:41]} {[%emt 00:05:27]}
11. Bf4 {[%clk 00:54:46]} {[%emt 00:06:29]} g5 {[%clk 00:36:56]} {[%emt
00:04:15]} 12. Bg3 {[%clk 00:44:26]} {[%emt 00:10:50]} g4 {[%clk 00:32:39]}
{[%emt 00:04:48]} 13. hxg4 {[%clk 00:41:12]} {[%emt 00:03:42]} Bxg4 {[%clk
00:31:56]} {[%emt 00:01:13]} 14. e5 {[%clk 00:33:54]} {[%emt 00:07:49]} Bxf3
{[%clk 00:28:09]} {[%emt 00:04:17]} 15. Qxf3 {[%clk 00:33:00]} {[%emt
00:01:24]} Nxd4 {[%clk 00:28:24]} {[%emt 00:00:15]} 16. Qxf6 {[%clk 00:32:51]}
{[%emt 00:00:39]} Qxf6 {[%clk 00:28:50]} {[%emt 00:00:04]} 17. exf6 {[%clk
00:33:05]} {[%emt 00:00:16]} Nf5 {[%emt 00:07:47]} 18. Bf4 {[%clk 00:31:12]}
{[%emt 00:02:22]} 1-0

[Event "DVM U14 2022"]
[Site "Kelheim GER"]
[Date "2022.12.27"]
[Round "1"]
[White "Krüger, Arthur"]
[Black "Moldovan, Tatiana"]
[Result "1-0"]
[Termination "normal"]
[Board "4.1"]
[WhiteElo "1953"]
[BlackElo "1435"]
[WhiteClock "00:52:26"]
[BlackClock "00:48:34"]
[WhiteTeam "Hamburger SK von 1830 eV"]
[BlackTeam "SG Königskinder Hohentübingen e.V."]
[PlyCount "63"]
[WhiteFideId "16244966"]
[BlackFideId "16287398"]
[EventCountry "GER"]
[EventRounds "7"]
[EventType "team-swiss"]
[EventDate "2022.12.26"]

1. d4 {[%clk 01:30:54]} {[%emt 00:00:06]} Nf6 {[%clk 01:30:29]} {[%emt
00:00:32]} 2. Bf4 {[%clk 01:31:17]} {[%emt 00:00:07]} e6 {[%clk 01:30:28]}
{[%emt 00:00:31]} 3. e3 {[%clk 01:31:24]} {[%emt 00:00:23]} b6 {[%clk
01:30:46]} {[%emt 00:00:11]} 4. c3 {[%clk 01:30:54]} {[%emt 00:01:00]} Bb7
{[%clk 01:31:06]} {[%emt 00:00:11]} 5. h4 {[%clk 01:29:31]} {[%emt 00:01:53]}
d6 {[%clk 01:30:05]} {[%emt 00:01:31]} 6. Nf3 {[%clk 01:29:06]} {[%emt
00:00:55]} Nbd7 {[%clk 01:29:30]} {[%emt 00:01:05]} 7. Nbd2 {[%clk 01:26:45]}
{[%emt 00:02:51]} Be7 {[%clk 01:25:21]} {[%emt 00:04:39]} 8. Qc2 {[%clk
01:24:38]} {[%emt 00:02:37]} Nh5 {[%clk 01:21:57]} {[%emt 00:03:54]} 9. Bh2
{[%clk 01:21:31]} {[%emt 00:03:37]} f5 {[%clk 01:19:30]} {[%emt 00:02:57]} 10.
Bd3 {[%clk 01:17:44]} {[%emt 00:04:15]} g6 {[%clk 01:17:16]} {[%emt 00:02:46]}
11. O-O-O {[%clk 01:15:00]} {[%emt 00:03:14]} Rf8 {[%clk 01:14:15]} {[%emt
00:03:31]} 12. e4 {[%clk 01:10:27]} {[%emt 00:05:02]} c5 {[%clk 01:09:43]}
{[%emt 00:05:02]} 13. exf5 {[%clk 01:09:18]} {[%emt 00:01:39]} gxf5 {[%clk
01:08:12]} {[%emt 00:02:01]} 14. Rde1 {[%clk 01:08:00]} {[%emt 00:01:48]} Rf6
{[%clk 01:06:32]} {[%emt 00:02:11]} 15. Ng5 {[%clk 01:05:11]} {[%emt 00:03:18]}
Nf8 {[%clk 01:05:20]} {[%emt 00:01:42]} 16. Bb5 {[%clk 01:05:17]} {[%emt
00:00:25]} Nd7 {[%clk 01:05:11]} {[%emt 00:00:38]} 17. Nxe6 {[%clk 01:04:46]}
{[%emt 00:01:01]} Qc8 {[%clk 01:05:35]} {[%emt 00:00:06]} 18. Nc4 {[%clk
01:01:22]} {[%emt 00:03:54]} Be4 {[%clk 01:04:57]} {[%emt 00:01:08]} 19. Rxe4
{[%clk 01:00:29]} {[%emt 00:01:24]} fxe4 {[%clk 01:05:22]} {[%emt 00:00:05]}
20. Qxe4 {[%clk 01:00:53]} {[%emt 00:00:06]} a6 {[%clk 01:03:49]} {[%emt
00:02:03]} 21. Nxb6 {[%clk 00:57:25]} {[%emt 00:03:57]} axb5 {[%clk 00:59:27]}
{[%emt 00:04:53]} 22. Nxc8 {[%clk 00:57:42]} {[%emt 00:00:13]} Rxc8 {[%clk
00:59:48]} {[%emt 00:00:08]} 23. Qg4 {[%clk 00:56:07]} {[%emt 00:02:06]} Rh6
{[%clk 00:56:56]} {[%emt 00:03:22]} 24. Qg8 {[%clk 00:54:09]} {[%emt 00:02:28]}
Nf8 {[%clk 00:55:35]} {[%emt 00:01:51]} 25. Nxf8 {[%clk 00:53:49]} {[%emt
00:00:50]} Bxf8 {[%clk 00:55:04]} {[%emt 00:01:01]} 26. Re1 {[%clk 00:53:36]}
{[%emt 00:00:44]} Kd7 {[%clk 00:55:26]} {[%emt 00:00:08]} 27. Qf7 {[%clk
00:53:38]} {[%emt 00:00:28]} Kc6 {[%clk 00:55:41]} {[%emt 00:00:15]} 28. Qa7
{[%clk 00:51:37]} {[%emt 00:02:30]} Rg6 {[%clk 00:52:35]} {[%emt 00:03:37]} 29.
d5 {[%clk 00:51:49]} {[%emt 00:00:18]} Kxd5 {[%clk 00:49:19]} {[%emt 00:03:45]}
30. Qb7 {[%clk 00:52:02]} {[%emt 00:00:17]} Rc6 {[%clk 00:48:50]} {[%emt
00:01:00]} 31. Qf7 {[%clk 00:52:26]} {[%emt 00:00:06]} Re6 {[%clk 00:48:34]}
{[%emt 00:00:46]} 32. Qxe6# {[%emt 00:00:28]} 1-0

[Event "DVM U14 2022"]
[Site "Kelheim GER"]
[Date "2022.12.27"]
[Round "1"]
[White "Moldovan, Stela"]
[Black "Dorendorf, Mika"]
[Result "1-0"]
[Termination "normal"]
[Board "4.2"]
[WhiteElo "1271"]
[BlackElo "1783"]
[WhiteClock "00:50:31"]
[BlackClock "00:15:00"]
[WhiteTeam "SG Königskinder Hohentübingen e.V."]
[BlackTeam "Hamburger SK von 1830 eV"]
[PlyCount "137"]
[WhiteFideId "16287380"]
[BlackFideId "16283066"]
[EventCountry "GER"]
[EventRounds "7"]
[EventType "team-swiss"]
[EventDate "2022.12.26"]

1. d4 {[%clk 01:30:57]} {[%emt 00:00:03]} d5 {[%clk 01:30:56]} {[%emt
00:00:04]} 2. Nf3 {[%clk 01:31:21]} {[%emt 00:00:06]} Nf6 {[%clk 01:31:22]}
{[%emt 00:00:04]} 3. e3 {[%clk 01:31:46]} {[%emt 00:00:05]} e6 {[%clk
01:31:49]} {[%emt 00:00:03]} 4. Bd3 {[%clk 01:32:08]} {[%emt 00:00:08]} Bd6
{[%clk 01:31:42]} {[%emt 00:00:37]} 5. Nbd2 {[%clk 01:32:22]} {[%emt 00:00:16]}
Nbd7 {[%clk 01:32:00]} {[%emt 00:00:12]} 6. b3 {[%clk 01:31:18]} {[%emt
00:01:34]} b6 {[%clk 01:32:13]} {[%emt 00:00:17]} 7. Bb2 {[%clk 01:31:43]}
{[%emt 00:00:05]} c5 {[%clk 01:32:34]} {[%emt 00:00:10]} 8. Ne5 {[%clk
01:31:52]} {[%emt 00:00:20]} Bb7 {[%clk 01:32:26]} {[%emt 00:00:38]} 9. f4
{[%clk 01:32:02]} {[%emt 00:00:19]} Ne4 {[%clk 01:31:44]} {[%emt 00:01:13]} 10.
Nxe4 {[%clk 01:31:54]} {[%emt 00:00:38]} dxe4 {[%clk 01:29:32]} {[%emt
00:02:44]} 11. Bb5 {[%clk 01:32:14]} {[%emt 00:00:08]} Bxe5 {[%clk 01:29:08]}
{[%emt 00:00:54]} 12. fxe5 {[%clk 01:32:28]} {[%emt 00:00:16]} Rc8 {[%clk
01:22:48]} {[%emt 00:06:50]} 13. O-O {[%clk 01:31:19]} {[%emt 00:01:39]} a6
{[%clk 01:20:28]} {[%emt 00:02:50]} 14. Be2 {[%clk 01:29:24]} {[%emt 00:02:21]}
Qc7 {[%clk 01:16:34]} {[%emt 00:04:27]} 15. c4 {[%clk 01:29:24]} {[%emt
00:00:31]} O-O {[%clk 01:14:30]} {[%emt 00:02:34]} 16. Bh5 {[%clk 01:23:26]}
{[%emt 00:06:27]} Rcd8 {[%clk 01:12:17]} {[%emt 00:02:44]} 17. Qe2 {[%clk
01:19:28]} {[%emt 00:04:26]} Nb8 {[%clk 01:08:24]} {[%emt 00:04:25]} 18. Rad1
{[%clk 01:18:14]} {[%emt 00:01:43]} Nc6 {[%clk 01:03:13]} {[%emt 00:05:42]} 19.
Ba3 {[%clk 01:15:42]} {[%emt 00:03:01]} Nb4 {[%clk 01:01:23]} {[%emt 00:02:21]}
20. Bxb4 {[%clk 01:15:49]} {[%emt 00:00:23]} cxb4 {[%clk 01:01:45]} {[%emt
00:00:08]} 21. Rf4 {[%clk 01:15:41]} {[%emt 00:00:41]} Rc8 {[%clk 00:59:03]}
{[%emt 00:03:09]} 22. Rdf1 {[%clk 01:12:54]} {[%emt 00:03:16]} g6 {[%clk
00:57:32]} {[%emt 00:02:02]} 23. Bg4 {[%clk 01:13:10]} {[%emt 00:00:14]} Qd7
{[%clk 00:54:56]} {[%emt 00:03:06]} 24. Bh3 {[%clk 01:11:44]} {[%emt 00:01:55]}
b5 {[%clk 00:54:35]} {[%emt 00:00:52]} 25. c5 {[%clk 01:11:55]} {[%emt
00:00:18]} a5 {[%clk 00:54:02]} {[%emt 00:01:04]} 26. Qe1 {[%clk 01:11:38]}
{[%emt 00:00:46]} Bd5 {[%clk 00:53:39]} {[%emt 00:00:54]} 27. g3 {[%clk
01:11:41]} {[%emt 00:00:26]} Ra8 {[%clk 00:52:42]} {[%emt 00:01:27]} 28. Bg2
{[%clk 01:11:58]} {[%emt 00:00:14]} Qb7 {[%clk 00:52:36]} {[%emt 00:00:35]} 29.
Rh4 {[%clk 01:09:48]} {[%emt 00:02:33]} Kh8 {[%clk 00:50:26]} {[%emt 00:02:48]}
30. Rg4 {[%clk 01:07:36]} {[%emt 00:02:39]} Kg7 {[%clk 00:48:33]} {[%emt
00:02:26]} 31. h4 {[%clk 01:02:26]} {[%emt 00:05:39]} f5 {[%clk 00:47:51]}
{[%emt 00:01:13]} 32. exf6 {[%clk 01:02:11]} {[%emt 00:00:44]} Rxf6 {[%clk
00:47:59]} {[%emt 00:00:22]} 33. Rxf6 {[%clk 01:02:16]} {[%emt 00:00:26]} Kxf6
{[%clk 00:48:26]} {[%emt 00:00:04]} 34. h5 {[%clk 01:02:00]} {[%emt 00:00:45]}
Kg7 {[%clk 00:48:09]} {[%emt 00:00:47]} 35. hxg6 {[%clk 01:01:10]} {[%emt
00:01:20]} hxg6 {[%clk 00:48:03]} {[%emt 00:00:35]} 36. Rf4 {[%clk 01:01:09]}
{[%emt 00:00:30]} Rf8 {[%clk 00:46:17]} {[%emt 00:02:18]} 37. Qf2 {[%clk
00:59:55]} {[%emt 00:01:39]} Qb8 {[%clk 00:44:34]} {[%emt 00:02:18]} 38. Rxf8
{[%clk 00:57:39]} {[%emt 00:02:46]} Qxf8 {[%clk 00:44:53]} {[%emt 00:00:10]}
39. Qc2 {[%clk 00:57:58]} {[%emt 00:00:11]} Qa8 {[%clk 00:44:54]} {[%emt
00:00:30]} 40. Bf1 {[%clk 00:57:33]} {[%emt 00:00:52]} Qb8 {[%clk 00:43:11]}
{[%emt 00:02:16]} 41. Kg2 {[%clk 00:56:56]} {[%emt 00:01:07]} Qf8 {[%clk
00:42:20]} {[%emt 00:01:21]} 42. Qd1 {[%clk 00:56:55]} {[%emt 00:00:27]} Bc6
{[%clk 00:40:15]} {[%emt 00:02:39]} 43. Be2 {[%clk 00:56:40]} {[%emt 00:00:42]}
Qf7 {[%clk 00:37:47]} {[%emt 00:03:01]} 44. Qa1 {[%clk 00:56:37]} {[%emt
00:00:21]} Qf6 {[%clk 00:35:55]} {[%emt 00:02:33]} 45. a3 {[%clk 00:56:27]}
{[%emt 00:00:40]} bxa3 {[%clk 00:35:20]} {[%emt 00:01:05]} 46. Qxa3 {[%clk
00:56:50]} {[%emt 00:00:08]} Qd8 {[%clk 00:31:55]} {[%emt 00:03:56]} 47. Qa1
{[%clk 00:57:03]} {[%emt 00:00:17]} Kg8 {[%clk 00:28:37]} {[%emt 00:03:47]} 48.
Bg4 {[%clk 00:57:05]} {[%emt 00:00:25]} Bd5 {[%clk 00:28:42]} {[%emt 00:00:27]}
49. Qc3 {[%clk 00:56:30]} {[%emt 00:00:58]} b4 {[%clk 00:28:26]} {[%emt
00:00:54]} 50. Qc1 {[%clk 00:56:14]} {[%emt 00:00:42]} Qd7 {[%clk 00:26:58]}
{[%emt 00:02:02]} 51. Qc2 {[%clk 00:52:20]} {[%emt 00:04:22]} a4 {[%clk
00:26:55]} {[%emt 00:00:35]} 52. bxa4 {[%clk 00:48:42]} {[%emt 00:04:08]} b3
{[%clk 00:27:14]} {[%emt 00:00:11]} 53. c6 {[%clk 00:48:48]} {[%emt 00:00:24]}
Qc7 {[%clk 00:25:54]} {[%emt 00:01:49]} 54. Qc3 {[%clk 00:48:48]} {[%emt
00:00:26]} Kf7 {[%clk 00:25:47]} {[%emt 00:00:42]} 55. Bd1 {[%clk 00:48:10]}
{[%emt 00:00:56]} Qxc6 {[%clk 00:19:27]} {[%emt 00:07:01]} 56. Qxc6 {[%clk
00:48:31]} {[%emt 00:00:08]} Bxc6 {[%clk 00:19:55]} {[%emt 00:00:04]} 57. Bxb3
{[%clk 00:48:56]} {[%emt 00:00:06]} Kf6 {[%clk 00:19:56]} {[%emt 00:00:28]} 58.
g4 {[%clk 00:49:05]} {[%emt 00:00:20]} g5 {[%clk 00:20:15]} {[%emt 00:00:12]}
59. Bc2 {[%clk 00:48:44]} {[%emt 00:00:47]} Ke7 {[%clk 00:20:27]} {[%emt
00:00:22]} 60. Kf2 {[%clk 00:48:34]} {[%emt 00:00:38]} Kd6 {[%clk 00:20:28]}
{[%emt 00:00:31]} 61. Ke2 {[%clk 00:48:38]} {[%emt 00:00:21]} Kc7 {[%clk
00:19:19]} {[%emt 00:01:43]} 62. Kd2 {[%clk 00:48:59]} {[%emt 00:00:09]} Kb6
{[%clk 00:19:25]} {[%emt 00:00:24]} 63. Kc3 {[%clk 00:48:46]} {[%emt 00:00:39]}
Ka5 {[%clk 00:14:54]} {[%emt 00:05:06]} 64. Kc4 {[%clk 00:49:02]} {[%emt
00:00:14]} Bd5 {[%clk 00:14:11]} {[%emt 00:01:14]} 65. Kc5 {[%clk 00:49:14]}
{[%emt 00:00:15]} Bb7 {[%clk 00:14:07]} {[%emt 00:00:36]} 66. Kd6 {[%clk
00:49:35]} {[%emt 00:00:09]} Bd5 {[%clk 00:14:30]} {[%emt 00:00:08]} 67. Ke5
{[%clk 00:49:57]} {[%emt 00:00:05]} Kb4 {[%clk 00:14:58]} {[%emt 00:00:04]} 68.
Bxe4 {[%clk 00:50:12]} {[%emt 00:00:14]} Bb3 {[%clk 00:15:00]} {[%emt
00:00:29]} 69. Kf6 {[%clk 00:50:31]} {[%emt 00:00:10]} 1-0

[Event "DVM U14 2022"]
[Site "Kelheim GER"]
[Date "2022.12.27"]
[Round "1"]
[White "Borgert, Alexander"]
[Black "Moldovan, Tudor"]
[Result "0-1"]
[Termination "normal"]
[Board "4.3"]
[WhiteElo "1541"]
[BlackElo "1263"]
[WhiteClock "00:38:06"]
[BlackClock "01:10:07"]
[WhiteTeam "Hamburger SK von 1830 eV"]
[BlackTeam "SG Königskinder Hohentübingen e.V."]
[PlyCount "64"]
[WhiteFideId "16289188"]
[BlackFideId "16288203"]
[EventCountry "GER"]
[EventRounds "7"]
[EventType "team-swiss"]
[EventDate "2022.12.26"]

1. d4 {[%clk 01:30:58]} {[%emt 00:00:02]} g6 {[%clk 01:30:39]} {[%emt
00:00:21]} 2. c4 {[%clk 01:31:19]} {[%emt 00:00:09]} Bg7 {[%clk 01:31:01]}
{[%emt 00:00:08]} 3. Nc3 {[%clk 01:31:43]} {[%emt 00:00:06]} d6 {[%clk
01:31:17]} {[%emt 00:00:14]} 4. Nf3 {[%clk 01:32:04]} {[%emt 00:00:09]} Nc6
{[%clk 01:31:17]} {[%emt 00:00:30]} 5. e4 {[%clk 01:32:10]} {[%emt 00:00:23]}
Bg4 {[%clk 01:31:07]} {[%emt 00:00:41]} 6. Be3 {[%clk 01:32:08]} {[%emt
00:00:32]} Bxf3 {[%clk 01:30:36]} {[%emt 00:01:01]} 7. gxf3 {[%clk 01:32:26]}
{[%emt 00:00:11]} Nf6 {[%clk 01:30:44]} {[%emt 00:00:23]} 8. Qd2 {[%clk
01:31:24]} {[%emt 00:01:31]} e5 {[%clk 01:28:55]} {[%emt 00:02:20]} 9. d5
{[%clk 01:31:46]} {[%emt 00:00:08]} Ne7 {[%clk 01:28:46]} {[%emt 00:00:39]} 10.
Bh3 {[%clk 01:31:10]} {[%emt 00:01:06]} Nc8 {[%clk 01:25:14]} {[%emt 00:04:02]}
11. c5 {[%clk 01:30:09]} {[%emt 00:01:31]} Qe7 {[%clk 01:21:57]} {[%emt
00:03:45]} 12. cxd6 {[%clk 01:29:41]} {[%emt 00:01:00]} cxd6 {[%clk 01:22:13]}
{[%emt 00:00:14]} 13. Rc1 {[%clk 01:28:09]} {[%emt 00:02:01]} Nb6 {[%clk
01:19:41]} {[%emt 00:03:03]} 14. Bxb6 {[%clk 01:27:08]} {[%emt 00:01:31]} axb6
{[%clk 01:20:00]} {[%emt 00:00:11]} 15. Nb5 {[%clk 01:17:47]} {[%emt 00:09:51]}
O-O {[%clk 01:19:01]} {[%emt 00:01:29]} 16. Rc7 {[%clk 01:08:34]} {[%emt
00:09:41]} Qe8 {[%clk 01:19:14]} {[%emt 00:00:10]} 17. Nxd6 {[%clk 01:06:24]}
{[%emt 00:02:48]} Qd8 {[%clk 01:19:27]} {[%emt 00:00:11]} 18. Nb5 {[%clk
01:06:33]} {[%emt 00:00:28]} Rxa2 {[%clk 01:18:10]} {[%emt 00:01:47]} 19. O-O
{[%clk 01:06:07]} {[%emt 00:00:55]} Nh5 {[%clk 01:14:23]} {[%emt 00:04:16]} 20.
Kh1 {[%clk 00:49:40]} {[%emt 00:16:57]} Qh4 {[%clk 01:12:50]} {[%emt 00:02:04]}
21. Bc8 {[%clk 00:47:13]} {[%emt 00:02:58]} Bh6 {[%clk 01:12:25]} {[%emt
00:00:48]} 22. Qe1 {[%clk 00:42:44]} {[%emt 00:05:05]} Bf4 {[%clk 01:12:31]}
{[%emt 00:00:24]} 23. h3 {[%clk 00:42:45]} {[%emt 00:00:29]} Rxc8 {[%clk
01:12:37]} {[%emt 00:00:25]} 24. Rxc8 {[%clk 00:43:01]} {[%emt 00:00:15]} Kg7
{[%clk 01:12:54]} {[%emt 00:00:12]} 25. Kg2 {[%clk 00:43:01]} {[%emt 00:00:30]}
Bh2 {[%clk 01:11:58]} {[%emt 00:01:27]} 26. Qb4 {[%clk 00:40:49]} {[%emt
00:02:42]} Nf4 {[%clk 01:11:14]} {[%emt 00:01:14]} 27. Kh1 {[%clk 00:40:54]}
{[%emt 00:00:24]} Qxh3 {[%clk 01:10:12]} {[%emt 00:01:33]} 28. Qf8 {[%clk
00:41:12]} {[%emt 00:00:11]} Kf6 {[%clk 01:10:26]} {[%emt 00:00:16]} 29. Qd8
{[%clk 00:41:33]} {[%emt 00:00:10]} Kg7 {[%clk 01:09:44]} {[%emt 00:01:12]} 30.
Qh8 {[%clk 00:41:24]} {[%emt 00:00:08]} Kh6 {[%clk 01:09:44]} {[%emt 00:00:29]}
31. Qf8 {[%clk 00:38:27]} {[%emt 00:03:47]} Kh5 {[%clk 01:10:07]} {[%emt
00:00:07]} 32. Qg7 {[%clk 00:38:06]} {[%emt 00:00:51]} Qg2# {[%emt 00:00:23]}
0-1